[Event "EU-ch blitz"]
[Site "Tallinn"]
[Date "2016.12.17"]
[Round "3"]
[White "Remmel, Anto"]
[Black "Mamedov, Rauf"]
[Result "0-1"]
[WhiteElo "2243"]
[BlackElo "2688"]
[PlyCount "68"]
[EventDate "2016.12.17"]
[EventType "swiss (blitz)"]
[EventRounds "26"]
[EventCountry "EST"]
[SourceTitle "CBM 176 Extra"]
[Source "ChessBase"]
[SourceDate "2017.03.02"]
[SourceVersion "1"]
[SourceVersionDate "2017.03.02"]
[SourceQuality "1"]

1. e4 c5 2. c3 d6 3. Nf3 Nf6 4. h3 g6 5. Bd3 Bg7 6. Bc2 0-0 7. d4 Nc6 8. 0-0 e5 9. dxe5 dxe5 10. Qxd8 Rxd8 11. Be3 b6 12. Nbd2 Nh5 13. Rfe1 Nf4 14. Bxf4 exf4 15. Rad1 Be6 16. Bb3 h6 17. Bxe6 fxe6 18. Kf1 Kf7 19. Ke2 Ke7 20. Nf1 b5 21. Rxd8 Rxd8 22. N1d2 b4 23. Rc1 Rc8 24. Nc4 Rb8 25. Rc2 a5 26. Ne1 a4 27. Nd3 a3 28. bxa3 Bxc3 29. Rc1 Nd4+ 30. Kf1 g5 31. Nce5 Ra8 32. Nxc5 Rxa3 33. Ncd3 Rxa2 34. Rb1 b3 0-1

[Event "FIN-chT1B 0910"]
[Site "Finland"]
[Date "2010.01.16"]
[Round "5.1"]
[White "Dokutchaev, Aleksander"]
[Black "Remmel, Anto"]
[Result "1-0"]
[WhiteElo "2410"]
[BlackElo "2283"]
[PlyCount "83"]
[EventDate "2009.09.19"]
[EventType "team-tourn"]
[EventRounds "9"]
[EventCountry "FIN"]
[SourceTitle "EXT 2022"]
[Source "ChessBase"]
[SourceDate "2021.10.06"]
[SourceVersion "1"]
[SourceVersionDate "2021.10.06"]
[SourceQuality "1"]
[WhiteTeam "Joensuu SK"]
[BlackTeam "Vantaa Remi"]
[WhiteTeamCountry "FIN"]
[BlackTeamCountry "FIN"]

1. d4 d5 2. Nf3 Nf6 3. c4 e6 4. Nc3 Be7 5. e3 c5 6. cxd5 exd5 7. Be2 Nc6 8. Ne5 0-0 9. Nxc6 bxc6 10. 0-0 Be6 11. Na4 Nd7 12. b3 cxd4 13. exd4 Bd6 14. Bb2 Rc8 15. Rc1 Qe7 16. Ba6 Rc7 17. Bc3 Bb4 18. Qd2 Rb8 19. Bxb4 Qxb4 20. Qf4 Qa5 21. Qd6 Rf8 22. Rc3 c5 23. dxc5 Nb8 24. Bd3 Rd7 25. Bxh7+ Kxh7 26. Qxf8 Nc6 27. Rg3 g6 28. Qc8 Rc7 29. Rh3+ Bxh3 30. Qxh3+ Kg8 31. f4 Qd2 32. f5 Qd4+ 33. Kh1 Ne5 34. Qg3 Rc6 35. h3 Nd3 36. Kh2 Qe4 37. Nc3 Qe5 38. Qxe5 Nxe5 39. b4 d4 40. Nd5 Ra6 41. Re1 f6 42. Nxf6+ 1-0

[Event "EST-chT 21st"]
[Site "Tallinn"]
[Date "2006.03.25"]
[Round "4"]
[White "Remmel, Anto"]
[Black "Kortshagin, Oleg"]
[Result "1/2-1/2"]
[WhiteElo "2316"]
[BlackElo "2234"]
[PlyCount "47"]
[EventDate "2006.03.23"]
[EventType "team"]
[EventRounds "7"]
[EventCountry "EST"]
[SourceTitle "EXT 2007"]
[Source "ChessBase"]
[SourceDate "2006.11.23"]
[SourceVersion "1"]
[SourceVersionDate "2006.11.23"]
[SourceQuality "1"]
[WhiteTeam "Vabaettur"]
[BlackTeam "Kadrioru MK"]
[WhiteTeamCountry "EST"]
[BlackTeamCountry "EST"]

1. e4 e5 2. Nf3 Nc6 3. Bc4 Bc5 4. d3 a6 5. c3 Nf6 6. Bb3 Ba7 7. Nbd2 h6 8. Nf1 d6 9. Be3 Ne7 10. Bxa7 Rxa7 11. Ng3 Ng6 12. 0-0 0-0 13. d4 Ra8 14. Re1 Re8 15. h3 Be6 16. Bxe6 Rxe6 17. Qb3 Qc8 18. Rad1 Re8 19. dxe5 dxe5 20. Rd2 Rb8 21. Nf5 Qe6 22. Qxe6 Rxe6 23. g3 Ree8 24. Ree2 1/2-1/2

[Event "FIN-chT1B 0506"]
[Site "Finland"]
[Date "2005.10.09"]
[Round "3.1"]
[White "Lehti, Juhani"]
[Black "Remmel, Anto"]
[Result "0-1"]
[WhiteElo "2183"]
[BlackElo "2277"]
[PlyCount "118"]
[EventDate "2005.09.17"]
[EventType "team-tourn"]
[EventRounds "7"]
[EventCountry "FIN"]
[SourceTitle "EXT 2022"]
[Source "ChessBase"]
[SourceDate "2021.10.06"]
[SourceVersion "1"]
[SourceVersionDate "2021.10.06"]
[SourceQuality "1"]
[WhiteTeam "Helsinki SSK"]
[BlackTeam "Vantaa Remi"]
[WhiteTeamCountry "FIN"]
[BlackTeamCountry "FIN"]

1. e4 e5 2. Nf3 d6 3. d4 Nd7 4. Bc4 c6 5. Nc3 Be7 6. 0-0 Ngf6 7. a4 a5 8. Re1 0-0 9. h3 Qc7 10. Be3 h6 11. Qd2 Kh7 12. Rad1 b6 13. Nh2 exd4 14. Bxd4 Ne5 15. Bb3 Ba6 16. f4 Nc4 17. Bxc4 Bxc4 18. Qe3 Rab8 19. Bxf6 gxf6 20. f5 Kg7 21. Qg3+ Kh7 22. Qf4 Rg8 23. Ng4 Rg5 24. Nxh6 Kxh6 25. h4 Kg7 26. hxg5 fxg5 27. f6+ Bxf6 28. Qxd6 Qa7 29. Qd7 Rb7 30. Qf5 Be7 31. g3 Be6 32. Qf3 b5+ 33. Kg2 Qc5 34. Qe3 Qe5 35. Qd4 Bf6 36. Qxe5 Bxe5 37. axb5 cxb5 38. Rb1 Rc7 39. Re2 Rc5 40. Rd2 a4 41. Ne2 b4 42. Kf3 a3 43. bxa3 bxa3 44. c3 Bxc3 45. Nxc3 Rxc3+ 46. Kf2 a2 47. Ra1 Ra3 48. Rc2 Kg6 49. Rc5 Kh5 50. Rb5 Kg4 51. Kg2 Rxg3+ 52. Kh2 Rh3+ 53. Kg2 Rb3 54. Rxb3 Bxb3 55. e5 Kf4 56. Kf2 Kxe5 57. Kg3 f5 58. Kf3 Kd4 59. Rc1 Bc2 0-1

[Event "FIN-chT1B 0304"]
[Site "Finland"]
[Date "2004.02.14"]
[Round "6.1"]
[White "Lehti, Juhani"]
[Black "Remmel, Anto"]
[Result "1-0"]
[WhiteElo "2182"]
[BlackElo "2264"]
[PlyCount "81"]
[EventDate "2003.09.??"]
[EventType "team-tourn"]
[EventRounds "7"]
[EventCountry "FIN"]
[SourceTitle "EXT 2022"]
[Source "ChessBase"]
[SourceDate "2021.10.06"]
[SourceVersion "1"]
[SourceVersionDate "2021.10.06"]
[SourceQuality "1"]
[WhiteTeam "Helsinki SSK"]
[BlackTeam "Vantaa Remi"]
[WhiteTeamCountry "FIN"]
[BlackTeamCountry "FIN"]

1. e4 d6 2. d4 Nf6 3. Nc3 c6 4. Nf3 g6 5. a4 a5 6. Be2 Bg7 7. 0-0 0-0 8. h3 Qc7 9. Bf4 Nbd7 10. e5 dxe5 11. Nxe5 Nxe5 12. Bxe5 Qb6 13. Qc1 Be6 14. Rd1 Rad8 15. Bf3 Ne8 16. Bxg7 Kxg7 17. d5 cxd5 18. Nxd5 Bxd5 19. Rxd5 Rxd5 20. Bxd5 Nf6 21. Bf3 e5 22. Ra3 Rc8 23. Re3 Rc5 24. c3 Qc7 25. Qd2 b5 26. axb5 Rxb5 27. b4 axb4 28. cxb4 Qb6 29. Rb3 e4 30. Be2 Rd5 31. Qe3 Rd4 32. b5 Nd5 33. Qc1 Qa5 34. b6 Rb4 35. Qb2+ Kh6 36. b7 Qb6 37. Bc4 Rxb3 38. Qxb3 Nb4 39. Qe3+ Qxe3 40. fxe3 Nc6 41. Bxf7 1-0

[Event "FIN-chT1B 0304"]
[Site "Finland"]
[Date "2003.11.16"]
[Round "4.1"]
[White "Remmel, Anto"]
[Black "Kilpela, Panu"]
[Result "1-0"]
[WhiteElo "2264"]
[BlackElo "2154"]
[PlyCount "61"]
[EventDate "2003.09.??"]
[EventType "team-tourn"]
[EventRounds "7"]
[EventCountry "FIN"]
[SourceTitle "EXT 2022"]
[Source "ChessBase"]
[SourceDate "2021.10.06"]
[SourceVersion "1"]
[SourceVersionDate "2021.10.06"]
[SourceQuality "1"]
[WhiteTeam "Vantaa Remi"]
[BlackTeam "Helsinki I-HSK"]
[WhiteTeamCountry "FIN"]
[BlackTeamCountry "FIN"]

1. e4 d6 2. d4 Nf6 3. Nc3 c6 4. a4 a5 5. h3 Na6 6. Bc4 Nb4 7. Nf3 d5 8. exd5 Nfxd5 9. Nxd5 Nxd5 10. 0-0 Bf5 11. Nh4 Be6 12. Qe2 Nc7 13. Bxe6 Nxe6 14. Rd1 g6 15. Nf3 Bg7 16. Be3 0-0 17. c4 Nc7 18. Ra3 e6 19. Rb3 Qc8 20. Ne5 Rd8 21. Qf3 f6 22. Nd3 Ne8 23. Nc5 Nd6 24. d5 e5 25. dxc6 bxc6 26. Rbd3 Nf7 27. Rxd8+ Nxd8 28. Nd7 Qb7 29. Nxf6+ Kh8 30. Rd7 Qxb2 31. Re7 1-0

[Event "EST-chT"]
[Site "Parnu"]
[Date "2002.03.08"]
[Round "1"]
[White "Krupenski, Igor"]
[Black "Remmel, Anto"]
[Result "1/2-1/2"]
[WhiteElo "2211"]
[BlackElo "2245"]
[PlyCount "56"]
[EventDate "2002.03.08"]
[EventType "team-tourn"]
[EventRounds "10"]
[EventCountry "EST"]
[SourceTitle "CBM 087 Extra"]
[Source "ChessBase"]
[SourceDate "2002.05.03"]
[SourceVersion "2"]
[SourceVersionDate "2002.08.09"]
[SourceQuality "1"]

1. e4 e5 2. Nf3 Nc6 3. Bb5 a6 4. Ba4 Nf6 5. 0-0 Be7 6. Re1 b5 7. Bb3 d6 8. c3 0-0 9. h3 Be6 10. d4 Bxb3 11. Qxb3 exd4 12. cxd4 d5 13. e5 Ne4 14. Nbd2 Nxd2 15. Bxd2 Qd7 16. Rac1 Nd8 17. Bb4 c6 18. Bxe7 Qxe7 19. Qc2 Rc8 20. Qc5 Qxc5 21. Rxc5 Ne6 22. Rc2 Rc7 23. b4 Rb8 24. Rec1 Rb6 25. Kf1 Kf8 26. g3 Ke7 27. Ke2 Kd7 28. Kd3 a5 1/2-1/2

[Event "EST-chT Cup"]
[Site "Tallinn"]
[Date "2000.04.07"]
[Round "?"]
[White "Remmel, Anto"]
[Black "Kanep, Meelis"]
[Result "1/2-1/2"]
[WhiteElo "2241"]
[BlackElo "2222"]
[PlyCount "43"]
[EventDate "2000.02.25"]
[EventType "team"]
[EventRounds "10"]
[EventCountry "EST"]
[SourceTitle "EXT 2001"]
[Source "ChessBase"]
[SourceDate "2000.11.22"]
[SourceVersion "1"]
[SourceVersionDate "2000.11.22"]
[SourceQuality "1"]

1. e4 c5 2. Nf3 d6 3. c3 Nf6 4. h3 Nc6 5. Bd3 g6 6. Bc2 Bg7 7. d4 0-0 8. 0-0 e5 9. dxe5 dxe5 10. Nbd2 b6 11. Qe2 Qe7 12. Rd1 Nh5 13. Nc4 Ba6 14. Bg5 Nf4 15. Bxf4 exf4 16. Bd3 b5 17. Ncd2 c4 18. Bc2 Rac8 19. a3 Rfe8 20. Re1 Bb7 21. Rac1 Qc5 22. Bb1 1/2-1/2

[Event "EST-chT Cup"]
[Site "Tallinn"]
[Date "2000.02.25"]
[Round "?"]
[White "Luik, Helmuth"]
[Black "Remmel, Anto"]
[Result "1/2-1/2"]
[WhiteElo "2253"]
[BlackElo "2241"]
[PlyCount "36"]
[EventDate "2000.02.25"]
[EventType "team"]
[EventRounds "10"]
[EventCountry "EST"]
[SourceTitle "EXT 2001"]
[Source "ChessBase"]
[SourceDate "2000.11.22"]
[SourceVersion "1"]
[SourceVersionDate "2000.11.22"]
[SourceQuality "1"]

1. d4 d5 2. c4 dxc4 3. Nf3 Nf6 4. e3 e6 5. Bxc4 c5 6. 0-0 Be7 7. dxc5 Qxd1 8. Rxd1 Bxc5 9. b3 a6 10. Bb2 b5 11. Be2 Bb7 12. Nbd2 Nbd7 13. Rac1 Ke7 14. Nd4 Rac8 15. Bf3 Bxf3 16. N2xf3 Rhd8 17. Kf1 g6 18. Ne2 Ne4 1/2-1/2

[Event "EST-chT"]
[Site "Tallinn"]
[Date "1999.04.03"]
[Round "3"]
[White "Narva, Jaan"]
[Black "Remmel, Anto"]
[Result "1/2-1/2"]
[WhiteElo "2320"]
[BlackElo "2238"]
[PlyCount "66"]
[EventDate "1999.??.??"]
[EventType "team"]
[EventRounds "10"]
[EventCountry "EST"]
[SourceTitle "EXT 2000"]
[Source "ChessBase"]
[SourceDate "1999.11.16"]
[SourceVersion "1"]
[SourceVersionDate "1999.11.16"]
[SourceQuality "1"]

1. d4 d5 2. c4 e6 3. Nf3 Nf6 4. Bg5 Be7 5. Nc3 Nbd7 6. e3 0-0 7. Rc1 b6 8. cxd5 exd5 9. Bb5 Bb7 10. 0-0 c6 11. Ba4 Rc8 12. Bc2 c5 13. Bf5 Ra8 14. Re1 Re8 15. Bxd7 Nxd7 16. Bxe7 Qxe7 17. dxc5 Nxc5 18. Qd4 Red8 19. Red1 Ne6 20. Qg4 Rac8 21. Nd4 Rc4 22. Rd2 Nxd4 23. Rxd4 Qb4 24. Rb1 Rxd4 25. Qxd4 Qxd4 26. exd4 Rc8 27. Kf1 Rc4 28. Rd1 b5 29. Ke1 b4 30. Ne2 Rc2 31. Rd2 Rc7 32. Kd1 g5 33. Rd3 Ba6 1/2-1/2